[Event "DEM U16w 2016"]
[Site "Willingen GER"]
[Date "2016.05.21"]
[Round "9"]
[White "Habersetzer, Elyse"]
[Black "Duan, Muxi"]
[Result "1-0"]
[Termination "normal"]
[Board "13"]
[WhiteElo "1638"]
[BlackElo "1246"]
[PlyCount "99"]
[WhiteFideId "16222288"]
[BlackFideId "12971960"]
[EventCountry "GER"]
[EventRounds "9"]
[EventType "swiss"]
[EventDate "2016.05.14"]

1. f4 Nf6 2. Nf3 d5 3. e3 Bg4 4. d4 e6 5. Bd3 Nbd7 6. O-O Ne4 7. Qe1 Be7 8.
Nbd2 Ndf6 9. Ne5 Bf5 10. Ndf3 Nd6 11. Nd2 Nfe4 12. c4 Nxd2 13. Qxd2 Bxd3 14.
Qxd3 f6 15. c5 Ne4 16. Nf3 c6 17. Nd2 Nxd2 18. Bxd2 f5 19. b4 O-O 20. a4 b6 21.
a5 b5 22. Rf3 Kh8 23. Rh3 g5 24. g4 Rf7 25. gxf5 gxf4 26. fxe6 Rg7+ 27. Kh1
fxe3 28. Rxe3 Qg8 29. Rae1 Re8 30. R3e2 Bg5 31. Bxg5 Rxg5 32. Qe3 Rg7 33. Qe5
Qf8 34. Rg2 Ree7 35. h3 h6 36. Reg1 Kh7 37. Rxg7+ Rxg7 38. Rxg7+ Qxg7 39. e7
Qf7 40. Qe2 Qe8 41. Qe6 Kg7 42. Kh2 Qb8+ 43. Kg2 Qe8 44. Kg3 a6 45. h4 h5 46.
Kf4 Qb8+ 47. Qd6 Qe8 48. Kg5 Qf7 49. Qh6+ Kg8 50. Qg6+ 1-0